00909nam a2200241 a 450000100060000000300090000600800410001501500080005604000280006404100080009204300180010008200180011810000420013611000350017824502340021325000110044726000750045830000100053350000210054354100160056465000550058070000320063524778CO-ViMGA141112s2004 ck r 000 u spa d aSSS aCO-ViMGAbspacCO-ViMGA aspa as - ck - - - 04a346.0482 H37v1 aHernández Arbeláez, José Miguel aInstituto Nacional para Ciegos10aVivan los autores, descubre sus derechos / cautores de los textos José Miguel Hernández Arbeláez, Ana María Lara Sallenave y Lina María Patricia Manrique Villanueva ; autores de ilustraciones Francisco Borja...[et al.] a3a ed. aBogotá : bDirección Nacional de Derecho de Autor, cINCI, c2008. a55 p. aImprenta Braille 55.000; 1 c.14aDerechos de autor - Literatura infantil - Colombia1 aLara Sallenave, Ana María